[Event "Bastia Summer op 1st"]
[Site "Bastia"]
[Date "2021.07.17"]
[Round "8"]
[White "Guillemart, Serge"]
[Black "Mastrovasilis, Athanasios"]
[Result "0-1"]
[WhiteElo "2117"]
[BlackElo "2521"]
[PlyCount "78"]
[EventDate "2021.07.12"]
[EventType "swiss"]
[EventRounds "9"]
[EventCountry "FRA"]
[SourceTitle "CBM 203 Extra"]
[Source "ChessBase"]
[SourceDate "2021.09.30"]
[SourceVersion "1"]
[SourceVersionDate "2021.09.30"]
[SourceQuality "1"]

1. e4 e5 2. Nf3 Nc6 3. Bb5 a6 4. Ba4 Nf6 5. 0-0 Be7 6. Re1 b5 7. Bb3 d6 8. h3 Na5 9. Nc3 0-0 10. d3 Bb7 11. Ne2 Nxb3 12. axb3 Re8 13. Ng3 Bf8 14. Bg5 h6 15. Bxf6 Qxf6 16. c4 g6 17. Nf1 c6 18. Ne3 Bg7 19. Qd2 Qe6 20. Qa5 d5 21. Qb6 Qd7 22. cxd5 cxd5 23. Rac1 Rac8 24. Nxd5 Bxd5 25. Rxc8 Rxc8 26. exd5 Qxd5 27. Qxa6 Rc2 28. Qb6 Rxb2 29. Qb8+ Kh7 30. Nxe5 Qd4 31. Ng4 h5 32. Ne3 Qxd3 33. Qf4 Rb1 34. Rxb1 Qxb1+ 35. Kh2 Qxb3 36. g4 Bh6 37. g5 Bg7 38. Qe4 Qe6 39. Qb4 Qe5+ 0-1

[Event "FRA-ch Blitz Online Qual"]
[Site "Europe Echecs INT"]
[Date "2020.05.16"]
[Round "15"]
[White "Song, Julien"]
[Black "Guillemart, Serge"]
[Result "1-0"]
[WhiteElo "2306"]
[BlackElo "2107"]
[PlyCount "97"]
[EventDate "2020.05.16"]
[EventType "swiss (blitz)"]
[EventRounds "15"]
[EventCountry "FRA"]
[SourceTitle "CBM 196 Extra"]
[Source "ChessBase"]
[SourceDate "2020.07.31"]
[SourceVersion "1"]
[SourceVersionDate "2020.07.31"]
[SourceQuality "1"]

1. Nf3 Nf6 2. c4 g6 3. Nc3 Bg7 4. e4 d6 5. d4 0-0 6. Be2 e5 7. 0-0 Nbd7 8. Re1 b6 9. h3 Bb7 10. d5 Nc5 11. Nd2 a5 12. b3 Nfd7 13. Rb1 f5 14. a3 f4 15. b4 axb4 16. axb4 Na6 17. Nb5 Nf6 18. Rb3 c5 19. dxc6 Bxc6 20. Nc3 Nc7 21. Nd5 Nfxd5 22. exd5 Ba4 23. Ne4 Bxb3 24. Qxb3 Ne8 25. Bg4 Nf6 26. Be6+ Kh8 27. Ng5 Qe7 28. Bb2 h6 29. Nf3 g5 30. h4 g4 31. Nh2 h5 32. Nf1 Nh7 33. g3 Rf6 34. Bc1 f3 35. Qe3 Nf8 36. Qxb6 Nxe6 37. dxe6 Qxe6 38. Bg5 Rf7 39. Ne3 Bf6 40. c5 Bxg5 41. hxg5 Rd7 42. c6 Rdd8 43. c7 Rdc8 44. Qc6 Ra7 45. Nd5 Qf7 46. Rc1 Ra2 47. Qxd6 Kg7 48. Qh6+ Kg8 49. Nf6+ 1-0

[Event "Nancy Meurthe rapid 18th"]
[Site "Nancy"]
[Date "2020.02.16"]
[Round "2"]
[White "Guillemart, Serge"]
[Black "Gareyev, Timur"]
[Result "0-1"]
[WhiteElo "2095"]
[BlackElo "2607"]
[PlyCount "68"]
[EventDate "2020.02.16"]
[EventType "swiss (rapid)"]
[EventRounds "9"]
[EventCountry "FRA"]
[SourceTitle "CBM 194 Extra"]
[Source "ChessBase"]
[SourceDate "2020.03.31"]
[SourceVersion "1"]
[SourceVersionDate "2020.03.31"]
[SourceQuality "1"]

1. d4 Nf6 2. c4 e6 3. Nc3 Bb4 4. Nf3 b6 5. g3 Ba6 6. Qa4 c5 7. a3 Bxc3+ 8. bxc3 Bb7 9. Bg2 Bc6 10. Qc2 Be4 11. Qa4 0-0 12. Bg5 Nc6 13. Rd1 h6 14. Bf4 Na5 15. 0-0 Bc6 16. Qc2 Nxc4 17. Qa2 Bd5 18. Qa1 Qe7 19. Rfe1 Rfc8 20. a4 d6 21. Qb1 Be4 22. Qb3 Na5 23. Qa3 Nd5 24. Nd2 Bxg2 25. Kxg2 e5 26. dxe5 dxe5 27. Be3 Nxe3+ 28. fxe3 Rd8 29. Qa2 Qg5 30. Rf1 Qg6 31. Nf3 Qe4 32. Kh3 Nc4 33. Rxd8+ Rxd8 34. Rf2 g5 0-1

[Event "Paris Universities-ch"]
[Site "Paris"]
[Date "2019.02.02"]
[Round "5"]
[White "Guillemart, Serge"]
[Black "Porsia, Enzo"]
[Result "1-0"]
[WhiteElo "2023"]
[BlackElo "1752"]
[PlyCount "67"]
[EventDate "2019.02.01"]
[EventType "swiss"]
[EventRounds "9"]
[EventCountry "FRA"]
[SourceTitle "CBM 188 Extra"]
[Source "ChessBase"]
[SourceDate "2019.02.26"]
[SourceVersion "1"]
[SourceVersionDate "2019.02.26"]
[SourceQuality "1"]

1. e4 e5 2. Nf3 Nc6 3. d4 exd4 4. Nxd4 Bc5 5. Be3 Bb6 6. Nf5 Qf6 7. Nc3 Nge7 8. Bxb6 axb6 9. Ne3 0-0 10. Be2 Qg6 11. 0-0 d6 12. f4 f5 13. Bd3 Bd7 14. Rf3 Qh5 15. Be2 fxe4 16. Nxe4 Qg6 17. Ng3 Kh8 18. Bd3 Qf6 19. c3 d5 20. Bc2 d4 21. Qd3 g6 22. Nc4 dxc3 23. bxc3 Nf5 24. Qxd7 Nh4 25. Raf1 Nxf3+ 26. Rxf3 Rxa2 27. Ne4 Qh4 28. g3 Qh5 29. Rf2 Rxc2 30. Rxc2 Qf3 31. Ng5 Qh5 32. Kg2 Rd8 33. Nf7+ Kg8 34. Nxd8 1-0

[Event "FRA-ch High Schools"]
[Site "Asnieres sur Seine"]
[Date "2018.05.05"]
[Round "3.10"]
[White "Guillemart, Serge"]
[Black "Aouachria, Marwa"]
[Result "1-0"]
[WhiteElo "2018"]
[BlackElo "1442"]
[PlyCount "34"]
[EventDate "2018.05.12"]
[EventType "swiss (rapid)"]
[EventRounds "17"]
[EventCountry "FRA"]
[SourceTitle "EXT 2019"]
[Source "ChessBase"]
[SourceDate "2018.10.10"]
[SourceVersion "1"]
[SourceVersionDate "2018.10.10"]
[SourceQuality "1"]

1. e4 c5 2. Nf3 d6 3. c3 Nf6 4. h3 Nc6 5. Bd3 g6 6. 0-0 Bg7 7. Re1 0-0 8. Bc2 a6 9. a4 Bd7 10. d4 cxd4 11. cxd4 b5 12. Nc3 b4 13. Ne2 a5 14. Ng3 Qc7 15. Bf4 Ne8 16. e5 dxe5 17. dxe5 Qd8 1-0

[Event "Purticciu op 1st"]
[Site "Grosseto Prugna"]
[Date "2014.05.07"]
[Round "2"]
[White "Guillemart, Serge"]
[Black "Beliavsky, Alexander G"]
[Result "0-1"]
[WhiteElo "1769"]
[BlackElo "2620"]
[PlyCount "54"]
[EventDate "2014.05.06"]
[EventType "swiss"]
[EventRounds "7"]
[EventCountry "FRA"]
[SourceTitle "CBM 160 Extra"]
[Source "ChessBase"]
[SourceDate "2014.07.01"]
[SourceVersion "1"]
[SourceVersionDate "2014.07.01"]
[SourceQuality "1"]

1. Nf3 d5 2. d4 Nf6 3. c4 e6 4. Nc3 c6 5. Bg5 h6 6. Bh4 dxc4 7. a4 Bb4 8. Bxf6 Qxf6 9. e3 b5 10. Be2 Nd7 11. 0-0 Bxc3 12. bxc3 0-0 13. Qb1 a6 14. Qb4 e5 15. Nd2 exd4 16. exd4 Qf4 17. Ra2 Nf6 18. Bf3 Bd7 19. Rfa1 Rae8 20. Nf1 g5 21. axb5 axb5 22. Ra6 g4 23. Bxc6 Re2 24. f3 Bxc6 25. Rxc6 gxf3 26. Qd6 Rxg2+ 27. Kh1 Ne4 0-1

[Event "Porticcio op 12th"]
[Site "Porticcio"]
[Date "2010.04.04"]
[Round "5"]
[White "Guillemart, Serge"]
[Black "Utrera, Ludovic"]
[Result "0-1"]
[WhiteElo "1677"]
[BlackElo "1882"]
[PlyCount "102"]
[EventDate "2010.04.01"]
[EventType "swiss"]
[EventRounds "9"]
[EventCountry "FRA"]
[SourceTitle "EXT 2012"]
[Source "ChessBase"]
[SourceDate "2011.11.24"]
[SourceVersion "1"]
[SourceVersionDate "2011.11.24"]
[SourceQuality "1"]

1. e4 c5 2. Nf3 e6 3. c3 Nf6 4. e5 Nd5 5. d4 cxd4 6. cxd4 Nc6 7. Bc4 Nb6 8. Bb3 Bb4+ 9. Bd2 0-0 10. Bxb4 Nxb4 11. Nc3 d5 12. a3 Nc6 13. 0-0 Na5 14. Bc2 f5 15. Nb5 Bd7 16. Nd6 Nbc4 17. Nxc4 Nxc4 18. b3 Nb6 19. Qd2 Bb5 20. Rfe1 f4 21. a4 Be8 22. Rac1 Bh5 23. Qd3 Bg6 24. Qd2 Bxc2 25. Rxc2 g5 26. h3 h5 27. Qd3 Rf5 28. Rec1 g4 29. hxg4 hxg4 30. Nh2 Qh4 31. g3 Qh3 32. Qf1 fxg3 33. Qxh3 gxf2+ 34. Rxf2 gxh3 35. Rxf5 exf5 36. Nf3 Kf7 37. Kh2 Rg8 38. Kxh3 f4 39. Rg1 Rc8 40. Ng5+ Ke7 41. a5 Nd7 42. Rb1 Rc3+ 43. Kg4 Rd3 44. Nf3 Nf8 45. Nh4 Ke6 46. Nf3 Kd7 47. e6+ Kxe6 48. Kxf4 Kd6 49. Rh1 Ne6+ 50. Kg3 Nxd4 51. Rh6+ Kc5 0-1